ბათუმის შოთა რუსთაველის სახელმწიფო უნივერსიტეტის ბიბლიოთეკა

ტაო - კლარჯეთის ციხე - სიმაგრეები : (ბიბ.ჩანაწერი № 57944)

000 -ლიდერი
ფიქსირებული სიგრძის საკონტროლო ველი 01593nam a22002537a 4500
003 - საკონტროლო ნომრის იდენტიფიკატორი
საკონტროლო ველი Ge_BSU
005 - ბოლო ოპერაციის თარიღი და დრო
საკონტროლო ველი 20210405160929.0
008 - ფიქსირებული სიგრძის მონაცემთა ელემენტები - ზოგადი ინფორმაცია
ფიქსირებული სიგრძის საკონტროლო ველი 210405s72 ge ||||| |||| 00| 0 geo d
020 ## - წიგნის საერთაშორისო სტანდარტული ნომერი
International Standard Book Number 9789941973819
041 ## - ენის კოდი
Language code of text/sound track or separate title geo
080 ## - უნივერსალური ათობითი კლასიფიკაციის ინდექსი
Universal Decimal Classification number 72 ტ-28
245 ## - ცნობა სათაურის შესახებ
Title ტაო - კლარჯეთის ციხე - სიმაგრეები :
Remainder of title 2 ტომი. (შავშეთ - კლარჯეთის ფორტიფიკაციები) /
Statement of responsibility, etc სამტომეულის საერთო რედაქტორები : გიორგი ბაგრატიონი, ბონდო კუპატაძე, ჯაბა სამუშია; თსუ, საქართველოს ისტორიის ინსტიტუტი.
264 ## - წარმოების, გამოცემის, დისტრიბუციის და სხვა ცნობები
გამოცემის, წარმოების, დისტრიბუციის... ადგილი თბილისი :
გამოცემის, წარმოების, დისტრიბუციის... სახელწოდება თსუ,
გამოცემის, წარმოების, დისტრიბუციის... თარიღი 2020.
300 ## - ფიზიკური აღწერა
Extent 364 გვ.;
Other physical details ილ.,
Dimensions 30 სმ.
546 ## - LANGUAGE NOTE
Language note პარალ. სათ. ინგლ. ენ.
653 ## - INDEX TERM--UNCONTROLLED
Uncontrolled term ტაო-კლარჯეთის არქიტექტურული ძეგლები
653 ## - INDEX TERM--UNCONTROLLED
Uncontrolled term შავშეთ - კლარჯეთი
653 ## - INDEX TERM--UNCONTROLLED
Uncontrolled term ისტორია
700 ## - ADDED ENTRY--PERSONAL NAME
Personal name ბაგრატიონი, გიორგი
Relator term რედაქტორი
9 (RLIN) 11068
700 ## - ADDED ENTRY--PERSONAL NAME
Personal name კუპატაძე, ბონდო
Relator term რედაქტორი
9 (RLIN) 11069
700 ## - ADDED ENTRY--PERSONAL NAME
Personal name ჯაბა სამუშია.
Relator term რედაქტორი
9 (RLIN) 11070
710 ## - ADDED ENTRY--CORPORATE NAME
Corporate name or jurisdiction name as entry element თსუ ;
Subordinate unit საქართველოს ისტორიის ინსტიტუტი
9 (RLIN) 11072
942 ## - ADDED ENTRY ELEMENTS (KOHA)
Source of classification or shelving scheme
Koha item type წიგნი
ეგზემპლარები
ჩამოწერის სტატუსი დაკარგული ეგზემპლარის სტატუსი კლასიფიკაციის წყარო ან თაროზე გაწყობის სქემა დაზიანების სტატუსი არ გაიცემა მუდმივი მდებარეობა (დაცვის ადგილი) ამჟამინდელი ადგილსამყოფელი თაროზე განთავსების ადგილი შეძენის თარიღი ღირებულება, შესყიდვის ნორმალური ფასი სრული შენახვის შიფრი შტრიხკოდი ბოლო ოპერაციის თარიღი ეგზემპლარის მიმდევრობითი ნომერი (კეტერი?) ფასის ძალაში შესვლის თარიღი ეგზემპლარის სახეობა საჯარო შენიშვნა
          ბათუმის შოთა რუსთაველის სახელმწიფო უნივერსიტეტის მთავარი ბიბლიოთეკა ბათუმის შოთა რუსთაველის სახელმწიფო უნივერსიტეტის მთავარი ბიბლიოთეკა წიგნსაცავი 2021-04-05 20.00 72 ტ-28 61301 2021-04-05 61301 2021-04-05 წიგნი 20 ლ.